It looks like you're offline.
Open Library logo
additional options menu

MARC record from Internet Archive

LEADER: 02012cam a2200301 i 4500
001 2014000346
003 DLC
005 20141122081923.0
008 140124s2014 nyua 000 1 eng
010 $a 2014000346
020 $a9780451470676 (softcover)
040 $aDLC$beng$cDLC$erda$dDLC
042 $apcc
050 00 $aPS3611.A78464$bM46 2014
082 00 $a813/.6$223
084 $aFIC027020$2bisacsh
100 1 $aKarr, Kim.
245 10 $aMended /$cKim Karr.
264 1 $aNew York, New York :$bNAL/New American Library,$c[2014]
300 $a305 pages :$billustrations ;$c21 cm.
336 $atext$2rdacontent
337 $aunmediated$2rdamedia
338 $avolume$2rdacarrier
490 0 $aThe Connections series ;$v3
520 $a"Music has the power to heal, but not all broken hearts can be mended. Always in control, Xander Wilde considered life on the road a perfect fit for him. But when disaster strikes on The Wilde Ones' latest tour, fate intervenes;and a newly single Ivy Taylor, the only girl he ever loved, steps back into his life. After moving past her painful breakup with Xander years ago, Ivy was poised to become the next big name in pop music;when suddenly, she withdrew from the limelight the day she announced her engagement to her controlling agent, Damon Wolf. Xander knows he should keep his distance. But once they're on the road, he can't resist pursuing her for a second chance. Yet a jealous Damon can't let her go-and he's keeping dangerous secrets that could destroy them all. When the three of them come together, everything falls apart. But if Xander and Ivy can hold tight to the bond that connects them, they just might have a chance at reclaiming the powerful love they thought they had lost forever; "--$cProvided by publisher.
650 7 $aFICTION / Romance / Contemporary.$2bisacsh
655 7 $aLove stories.$2gsafd
856 42 $3Cover image$uftp://ppftpuser:welcome@ftp01.penguingroup.com/Booksellers and Media/Covers/2008_2009_New_Covers/9780451470676.jpg